Fitoplancton nerítico de la Costa Brava catalana (sector de Blanes) / R. Margalef
Descripción Física:
48 p., 1 f. pleg., 10 p. de làm. ; 26 cm
MARC
| LEADER | 00000nam a2200000Ia 4500 | ||
|---|---|---|---|
| 001 | 11316 | ||
| 003 | BGR | ||
| 005 | 20260324175407.0 | ||
| 008 | 160829s1945 xx 000 0 cat d | ||
| 080 | |a C-2-109 | ||
| 100 | 1 | |a Margalef, Ramon, |d 1919-2004 |9 97 | |
| 245 | |a Fitoplancton nerítico de la Costa Brava catalana (sector de Blanes) / R. Margalef | ||
| 260 | |a Barcelona : |b Instituto Español de Estudios Mediterráneos, |c 1945 | ||
| 300 | |a 48 p., 1 f. pleg., 10 p. de làm. ; |c 26 cm | ||
| 490 | |a Publicaciones sobre biología mediterránea ; I | ||
| 650 | |a Fitoplàncton |x Costa Brava |9 31035 | ||
| 650 | |a Flora marina |x Costa Brava |9 31036 | ||
| 710 | 2 | |a Instituto Español de Estudios Mediterráneos |9 71185 | |
| 901 | |a Arxiu | ||
| 942 | |n 1 |2 udc |c MON | ||
| 952 | |0 0 |1 0 |4 0 |6 C2109 |7 1 |9 45597 |a Arxiu |b Arxiu |d 2016-12-01 |l 0 |o C-2-109 |p 11316 |r 2016-12-01 00:00:00 |w 2016-12-01 |y ARXIU | ||
| 999 | |c 48784 |d 48784 | ||